Emigración española hacia la Argentina en la década del 80 / (Record no. 55989)

MARC details
000 -LEADER
campo de control de longitud fija 00598nam a2200169 i 4500
001 - NÚMERO DE CONTROL
campo de control 55989
003 - IDENTIFICADOR DE NÚMERO DE CONTROL
campo de control ES-MaACL
005 - FECHA Y HORA DE LA ÚLTIMA TRANSACCIÓN
campo de control 20230906163249.0
007 - CAMPO FIJO DE DESCRIPCIÓN FÍSICA--INFORMACIÓN GENERAL
campo de control de longitud fija t|
008 - DATOS DE LONGITUD FIJA--INFORMACIÓN GENERAL
campo de control de longitud fija 031001s1980 ag ||||1| spa d
100 1# - ENTRADA PRINCIPAL--NOMBRE DE PERSONA
Nombre de persona Díaz Melián, Mafalda Victoria.
9 (RLIN) 44350
245 10 - MENCIÓN DEL TÍTULO
Título Emigración española hacia la Argentina en la década del 80 /
Mención de responsabilidad, etc. Mafalda Victoria Díaz Melián.
260 ## - PUBLICACIÓN, DISTRIBUCIÓN, ETC.
Lugar de publicación, distribución, etc. Buenos Aires :
Nombre del editor, distribuidor, etc. [s.n.],
Fecha de publicación, distribución, etc. 1980.
300 ## - DESCRIPCIÓN FÍSICA
Extensión 24 h. ;
Dimensiones 26 cm.
500 ## - NOTA GENERAL
Nota general Es separata de: Boletín del Instituto de Historia Argentina y Americana. 1980, p. 117-161.
852 ## - LOCALIZACIÓN
Ubicación ES-MaACL
Número de control de estantería 2125-F-29
Sublocalización o colección R.102528
Holdings
Estatus retirado Estado de pérdida Estado de daño No para préstamo Colección Biblioteca de origen Biblioteca actual Ubicación en estantería Fecha de adquisición Fuente de adquisición Total de préstamos Signatura topográfica completa Código de barras Visto por última vez Precio de reemplazo Tipo de ítem Koha
        Colección de folletos Biblioteca del Ateneo de Madrid Biblioteca del Ateneo de Madrid Depósito folletos 17/01/2008     2125-F-29 1058812 23/02/2023 23/02/2023 Folleto